[Event "PRO League Group Stage"]
[Site "chess.com INT"]
[Date "2018.02.07"]
[Round "5"]
[White "Horton, Andrew P"]
[Black "Lagarde, Maxime"]
[Result "0-1"]
[WhiteTitle "FM"]
[BlackTitle "GM"]
[WhiteElo "2397"]
[BlackElo "2586"]
[WhiteTeam "London Lions"]
[BlackTeam "Cannes Blockbusters"]
[WhiteFideId "424269"]
[BlackFideId "662399"]
[EventDate "2018.01.18"]

1. Nf3 Nf6 2. c4 g6 3. g3 Bg7 4. Bg2 O-O 5. O-O d6 6. Nc3 e5 7. d3 Nc6 8. Rb1 a5
9. a3 Re8 10. Bg5 h6 11. Bxf6 Bxf6 12. b4 axb4 13. axb4 Bg7 14. b5 Nd4 15. e3
Ne6 16. Qc2 Nc5 17. Nd2 h5 18. Ra1 Rb8 19. h4 Bg4 20. Nde4 Ne6 21. Ra7 g5 22.
hxg5 Nxg5 23. Nxg5 Qxg5 24. Qd2 h4 25. Ne4 Qh6 26. gxh4 Qxh4 27. b6 cxb6 28. Rb1
Re6 29. Rxb6 d5 30. Rxe6 dxe4 31. Rd6 Bf3 32. Qe1 Qg4 33. Qf1 Bf8 34. Rd5 Rc8
35. Raa5 Rc6 36. Rxe5 Rg6 37. Rxe4 Qxg2+ 38. Qxg2 Rxg2+ 39. Kf1 Bxe4 40. dxe4
Rg6 41. Rb5 b6 42. Ke2 Bc5 43. Kf3 Rd6 44. Ke2 Rd8 45. f4 Ra8 46. Rb3 Kf8 47.
Kf3 Ke7 48. e5 Ra1 49. Ke4 Rc1 50. Kd5 Rd1+ 51. Ke4 Kd7 52. Rc3 Kc6 53. Rc2 Re1
54. Rc3 Ra1 55. Kf5 Be7 56. e6 Ra5+ 57. c5 fxe6+ 58. Kxe6 Bxc5 59. e4 b5 60. e5
b4 61. Rc1 b3 62. f5 b2 63. Rb1 Bd4 64. f6 Rxe5+ 65. Kf7 Rf5 0-1

[Event "PRO League Group Stage"]
[Site "chess.com INT"]
[Date "2018.02.07"]
[Round "5"]
[White "Horton, Andrew P"]
[Black "Gunina, Valentina"]
[Result "1-0"]
[WhiteTitle "FM"]
[BlackTitle "GM"]
[WhiteElo "2397"]
[BlackElo "2502"]
[WhiteTeam "London Lions"]
[BlackTeam "Cannes Blockbusters"]
[WhiteFideId "424269"]
[BlackFideId "4167570"]
[EventDate "2018.01.18"]

1. b3 Nf6 2. Bb2 e6 3. Nf3 c5 4. e3 b6 5. g3 Bb7 6. Bg2 Be7 7. O-O O-O 8. c4 d5
9. Nc3 Qc8 10. d3 Nc6 11. Qe2 Qc7 12. Nh4 Rfd8 13. f4 dxc4 14. bxc4 Nb4 15. Rad1
Bxg2 16. Nxg2 Rd7 17. a3 Nc6 18. f5 Re8 19. fxe6 fxe6 20. Nf4 Bf8 21. g4 Rf7 22.
g5 Nd7 23. Qg4 Nde5 24. Qg3 Qd8 25. Ne4 Rd7 26. g6 h6 27. Nh5 Rxd3 28. Rxd3 Nxd3
29. Nef6+ Kh8 30. Nxe8 Qxe8 31. Bc3 e5 32. e4 Bd6 33. Qxd3 Qxg6+ 34. Ng3 Nd4 35.
Kh1 Qg4 36. Bxd4 exd4 37. Qf3 Qg5 38. e5 1-0

[Event "PRO League Group Stage"]
[Site "chess.com INT"]
[Date "2018.02.07"]
[Round "5"]
[White "Bartell, Thomas"]
[Black "Blit, Jacques"]
[Result "1-0"]
[WhiteTitle "IM"]
[BlackTitle "IM"]
[WhiteElo "2344"]
[BlackElo "2374"]
[WhiteTeam "Montclair Sopranos"]
[BlackTeam "Buenos Aires Krakens"]
[WhiteFideId "2017849"]
[BlackFideId "114839"]
[EventDate "2018.01.18"]

1. d4 Nf6 2. c4 e6 3. Nc3 Bb4 4. Qc2 c5 5. dxc5 O-O 6. Nf3 Nc6 7. a3 Bxc5 8. Bg5
Nd4 9. Nxd4 Bxd4 10. Qd2 Qb6 11. Bh4 Be5 12. e3 d5 13. Bg3 Bxg3 14. hxg3 Rd8 15.
Rd1 Bd7 16. cxd5 exd5 17. Be2 Bc6 18. O-O Ne4 19. Qc2 Qc5 20. Rd4 Rac8 21. Rc1
Be8 22. Qb3 b5 23. Bf3 a5 24. Bxe4 dxe4 25. Rcd1 Rxd4 26. Rxd4 Bc6 27. Nxe4 Qc1+
28. Kh2 Qf1 29. Qc2 h5 30. f3 Bd7 31. Qd1 Qxd1 32. Rxd1 Be6 33. b4 a4 34. Nc5
Bc4 35. e4 g6 36. Kg1 f5 37. e5 g5 38. f4 Re8 39. Kf2 Re7 40. Rd7 Rxd7 41. Nxd7
g4 42. Nf6+ Kf7 43. Nxh5 Ke6 44. Ng7+ Kd5 45. Nxf5 Ke4 46. Nd6+ Kd3 47. f5 Kc3
48. e6 Kb3 49. e7 1-0

[Event "PRO League Group Stage"]
[Site "chess.com INT"]
[Date "2018.02.07"]
[Round "5"]
[White "Bartell, Thomas"]
[Black "Pichot, Alan"]
[Result "1-0"]
[WhiteTitle "IM"]
[BlackTitle "GM"]
[WhiteElo "2344"]
[BlackElo "2552"]
[WhiteTeam "Montclair Sopranos"]
[BlackTeam "Buenos Aires Krakens"]
[WhiteFideId "2017849"]
[BlackFideId "110973"]
[EventDate "2018.01.18"]

1. d4 Nf6 2. c4 g6 3. Nf3 Bg7 4. g3 O-O 5. Bg2 d6 6. O-O Nc6 7. Nc3 Bf5 8. Ne1
Na5 9. b3 c5 10. e3 cxd4 11. exd4 d5 12. cxd5 Rc8 13. Bb2 Qb6 14. Rc1 Rfd8 15.
h3 Bh6 16. f4 Bg7 17. g4 Bd7 18. Nf3 Nc4 19. bxc4 Qxb2 20. Qb3 Qxb3 21. axb3 h5
22. g5 Ne8 23. c5 Bf5 24. Ne5 f6 25. gxf6 Nxf6 26. c6 bxc6 27. Nxc6 Rd7 28. Rfe1
Kf8 29. b4 Bh6 30. Rf1 h4 31. b5 Nh5 32. Ne2 Nf6 33. Rc5 Bd3 34. Kf2 Rb7 35. Ne5
Rxc5 36. dxc5 Bxe2 37. Kxe2 Rxb5 38. Nd3 Nh5 39. c6 Ng3+ 40. Kf3 Rb3 41. Rd1 Rc3
42. Kf2 Bg7 43. Ne5 Rc2+ 44. Kf3 g5 45. Nd7+ Ke8 46. fxg5 Nf5 47. Bf1 Rc3+ 48.
Bd3 Nd6 49. Kg4 a5 50. Bg6+ Kd8 51. Rb1 a4 52. Rb8+ Kc7 53. Ra8 a3 54. Ra7+ Kc8
55. Nb6+ Kb8 56. Ra4 Rb3 57. Nd7+ Kc7 58. Nc5 Rc3 59. Ne6+ Kb6 60. Nxg7 Rc4+ 61.
Rxc4 Nxc4 62. Bb1 Ne3+ 63. Kxh4 Nxd5 64. Kg3 Nc3 65. c7 Kxc7 66. Ne6+ Kb6 67.
Nd4 Nxb1 68. h4 Nd2 69. h5 Kc5 70. Nc2 a2 71. h6 Ne4+ 72. Kf4 Nd6 73. h7 e5+ 74.
Kxe5 Nf7+ 75. Kf6 Nh8 76. g6 Kc4 77. g7 Kc3 78. Na1 Kb2 79. gxh8=Q Kxa1 80. Qa8 1-0

[Event "PRO League Group Stage"]
[Site "chess.com INT"]
[Date "2018.02.07"]
[Round "5"]
[White "Roberson, Peter T"]
[Black "Spoelman, Wouter"]
[Result "0-1"]
[WhiteTitle "IM"]
[BlackTitle "GM"]
[WhiteElo "2412"]
[BlackElo "2578"]
[WhiteTeam "London Towers"]
[BlackTeam "Amsterdam Mosquitoes"]
[WhiteFideId "412384"]
[BlackFideId "1010891"]
[EventDate "2018.01.18"]

1. e4 c5 2. d3 Nc6 3. f4 g6 4. Nf3 Bg7 5. g3 Nf6 6. Bg2 O-O 7. O-O d6 8. h3 b5
9. g4 b4 10. f5 a5 11. Qe1 a4 12. a3 b3 13. c4 Nd7 14. Nc3 Nde5 15. Nxe5 Nxe5
16. Qg3 e6 17. h4 Nc6 18. Bg5 Be5 19. Bf4 Bd4+ 20. Kh1 Ne5 21. Nb5 Bxb2 22. Rab1
Bd4 23. f6 Ra5 24. Bd2 Rxb5 25. cxb5 Kh8 26. Bh6 Rg8 27. h5 Bd7 28. Qh4 g5 29.
Bxg5 h6 30. Bxh6 Rxg4 31. Bg7+ Kh7 32. Qh3 Bxb5 33. Bf3 Rg5 34. Qh4 Rxg7 35. Qf4
Nxd3 36. Qd2 Qxf6 37. Qh2 Bc6 0-1

[Event "PRO League Group Stage"]
[Site "chess.com INT"]
[Date "2018.02.07"]
[Round "5"]
[White "Roberson, Peter T"]
[Black "Lopez, Jasel"]
[Result "1-0"]
[WhiteTitle "IM"]
[BlackTitle "FM"]
[WhiteElo "2412"]
[BlackElo "2316"]
[WhiteTeam "London Towers"]
[BlackTeam "Amsterdam Mosquitoes"]
[WhiteFideId "412384"]
[BlackFideId "15900045"]
[EventDate "2018.01.18"]

1. d4 f5 2. Nf3 Nf6 3. g3 g6 4. Bg2 Bg7 5. O-O O-O 6. b3 Ne4 7. Bb2 d5 8. Nbd2
c5 9. e3 Nc6 10. c4 e6 11. Rc1 cxd4 12. Nxd4 Nxd4 13. Bxd4 e5 14. Bb2 Nxd2 15.
Bxd5+ Kh8 16. Qxd2 e4 17. Rfd1 a5 18. c5 Ra6 19. a3 g5 20. Bc4 Qxd2 21. Bxg7+
Kxg7 22. Rxd2 Rc6 23. b4 axb4 24. axb4 Kf6 25. Rcd1 Ke7 26. Rd6 h5 27. h4 gxh4
28. gxh4 f4 29. R1d4 Bf5 30. exf4 Rf6 31. Rxf6 Rxf6 32. Kf1 Bh3+ 33. Ke2 Rxf4
34. Bd5 Bg4+ 35. Ke3 Rf3+ 36. Kxe4 Rxf2 37. Bxb7 Rh2 38. c6 Rxh4 39. Ke5 Rh1 40.
Rxg4 hxg4 41. c7 Re1+ 42. Kf4 Rd1 43. c8=Q 1-0

[Event "PRO League Group Stage"]
[Site "chess.com INT"]
[Date "2018.02.07"]
[Round "5"]
[White "Stopa, Jacek"]
[Black "Mamedyarov, Shakhriyar"]
[Result "0-1"]
[WhiteTitle "GM"]
[BlackTitle "GM"]
[WhiteElo "2427"]
[BlackElo "2804"]
[WhiteTeam "Las Vegas Desert Rats"]
[BlackTeam "San Jose Hackers"]
[WhiteFideId "1119591"]
[BlackFideId "13401319"]
[EventDate "2018.01.18"]

1. Nf3 d6 2. d4 f5 3. g3 Nf6 4. Bg2 g6 5. O-O Bg7 6. c4 O-O 7. Nc3 c6 8. Re1 Na6
9. Rb1 Ne4 10. Qc2 Qa5 11. a3 Nxc3 12. Bd2 f4 13. Qxc3 Qxc3 14. Bxc3 Nc7 15.
gxf4 Rxf4 16. e3 Rf8 17. b4 Bf5 18. Rb2 Be4 19. Nd2 Bxg2 20. Kxg2 Rf5 21. Ne4 a6
22. Rc2 d5 23. cxd5 cxd5 24. Bb2 Nb5 25. Ng3 Rf7 26. e4 dxe4 27. Rxe4 Rd8 28.
Ne2 Rdf8 29. f4 Rd8 30. a4 Nd6 31. Re3 Rd7 32. Rd3 b5 33. Rc6 Nc4 34. Bc1 Rf6
35. axb5 axb5 36. Rc5 Rf5 37. Rxf5 gxf5 38. Nc3 Nd6 39. Kf3 Kf7 40. Bd2 Rc7 41.
Ne2 Rc2 42. d5 Ne4 43. Be3 Rb2 44. Bd4 Rxb4 45. Bxg7 Kxg7 46. Nd4 Kf6 47. h4 Rb2
48. Ne6 b4 49. Ng5 b3 50. Nxe4+ fxe4+ 51. Kxe4 Rb1 52. Kd4 Kf5 53. Re3 Kf6 54.
Re6+ Kf7 55. Rb6 b2 56. Kc3 Rd1 57. Rxb2 Rxd5 58. Kc4 Rd6 59. Re2 Rf6 60. Re4
Rh6 61. f5 Rh5 62. Rf4 Kf6 63. Kd3 Rxf5 64. Ra4 Re5 65. Kd4 Kf5 66. Ra1 Re4+ 67.
Kd5 e6+ 68. Kd6 Rxh4 69. Rf1+ Rf4 0-1

[Event "PRO League Group Stage"]
[Site "chess.com INT"]
[Date "2018.02.07"]
[Round "5"]
[White "Stopa, Jacek"]
[Black "Yoo, Christopher Woojin"]
[Result "0-1"]
[WhiteTitle "GM"]
[BlackTitle "FM"]
[WhiteElo "2427"]
[BlackElo "2254"]
[WhiteTeam "Las Vegas Desert Rats"]
[BlackTeam "San Jose Hackers"]
[WhiteFideId "1119591"]
[BlackFideId "30909694"]
[EventDate "2018.01.18"]

1. Nf3 Nf6 2. g3 g6 3. Bg2 Bg7 4. O-O O-O 5. d3 c5 6. Nc3 Nc6 7. a3 d5 8. Rb1 a6
9. e4 d4 10. Ne2 e5 11. c4 b5 12. b3 Qd6 13. h3 Bd7 14. Nd2 Nh5 15. g4 Nf4 16.
Nxf4 exf4 17. cxb5 axb5 18. a4 Ne5 19. axb5 Bxb5 20. Nc4 Nxc4 21. bxc4 Ba4 22.
Qf3 Be5 23. h4 h6 24. g5 h5 25. Bh3 Rfb8 26. Bd2 Rxb1 27. Rxb1 Rb8 28. Ra1 Bc2
29. Bf1 Rb1 30. Rxb1 Bxb1 31. Qd1 Ba2 32. Qa4 f3 33. Bh3 Bb1 34. Qb3 Qb8 35. Qa3
Bh2+ 36. Kh1 Bf4 37. Qc1 Bxd2 38. Qxd2 Qb3 39. Bf1 Bc2 40. Kg1 Qc3 41. Qf4 Bxd3
42. Qb8+ Kh7 43. Qf8 Bxc4 44. Bxc4 Qxc4 45. e5 d3 46. Qd6 Qc1+ 47. Kh2 Qf4+ 48.
Kg1 d2 0-1

[Event "PRO League Group Stage"]
[Site "chess.com INT"]
[Date "2018.02.07"]
[Round "5"]
[White "Shabalov, Alexander"]
[Black "Fedoseev, Vladimir3"]
[Result "1-0"]
[WhiteTitle "GM"]
[BlackTitle "GM"]
[WhiteElo "2544"]
[BlackElo "2724"]
[WhiteTeam "Pittsburgh Pawngrabbers"]
[BlackTeam "Saint Louis Arch Bishops"]
[WhiteFideId "2008572"]
[BlackFideId "24130737"]
[EventDate "2018.01.18"]

1. d4 Nf6 2. c4 e6 3. Nf3 d5 4. g3 Be7 5. Bg2 O-O 6. Nbd2 c6 7. O-O b6 8. b3 Bb7
9. Bb2 c5 10. cxd5 exd5 11. Ne5 Qc8 12. Rc1 Nbd7 13. Nd3 Qc6 14. dxc5 bxc5 15.
b4 Ba6 16. bxc5 Rab8 17. Nb3 Qa4 18. c6 Bxd3 19. Qxd3 Qxa2 20. Bxf6 Nxf6 21. Nd4
Qa5 22. c7 Rbc8 23. Qb5 Bb4 24. Qxa5 Bxa5 25. Nc6 Bb6 26. Ne7+ Kh8 27. Nxc8 Rxc8
28. Bh3 Rxc7 29. Rxc7 Bxc7 30. Rc1 Bb6 31. Rc8+ Ng8 32. Bg2 g6 33. Bxd5 Kg7 34.
Rb8 Nf6 35. Bf3 g5 36. h3 h5 37. e3 g4 38. hxg4 hxg4 39. Be2 Nd7 40. Re8 Nf6 41.
Rc8 Kg6 42. Bd3+ Kh6 43. Rc4 Kg5 44. Rf4 Bd8 45. Kf1 Kh6 46. e4 a5 47. e5 Nd7
48. Rd4 1-0

[Event "PRO League Group Stage"]
[Site "chess.com INT"]
[Date "2018.02.07"]
[Round "5"]
[White "Shabalov, Alexander"]
[Black "Ramirez, Alejandro"]
[Result "1-0"]
[WhiteTitle "GM"]
[BlackTitle "GM"]
[WhiteElo "2544"]
[BlackElo "2568"]
[WhiteTeam "Pittsburgh Pawngrabbers"]
[BlackTeam "Saint Louis Arch Bishops"]
[WhiteFideId "2008572"]
[BlackFideId "6500617"]
[EventDate "2018.01.18"]

1. e4 c5 2. Nf3 e6 3. Nc3 Nc6 4. g3 a6 5. Bg2 d6 6. O-O Nf6 7. d3 Be7 8. Ng5 h6
9. Nh3 Qc7 10. f4 b5 11. a3 Bb7 12. g4 Nd7 13. f5 Nde5 14. Nf4 Nd4 15. Nce2 exf5
16. gxf5 Bg5 17. Ng3 b4 18. c3 bxc3 19. bxc3 Nb5 20. Qc2 c4 21. d4 Nd3 22. Be3
Qa5 23. Nge2 O-O 24. a4 Nc7 25. Qd2 Rae8 26. Ng3 Nxf4 27. Bxf4 f6 28. Qb2 Rb8
29. Qc2 Bxf4 30. Rxf4 Bc6 31. Rg4 Rb3 32. Bf1 d5 33. Nh5 Ne8 34. Rc1 Rf7 35. e5
fxe5 36. dxe5 Qc5+ 37. Rd4 Rfb7 38. f6 Qf8 39. Bh3 Qf7 40. Nf4 Nc7 41. fxg7
Qxg7+ 42. Kh1 Qxe5 43. Rg1+ Kf7 44. Qh7+ 1-0

[Event "PRO League Group Stage"]
[Site "chess.com INT"]
[Date "2018.02.07"]
[Round "5"]
[White "Javakhadze, Zurab"]
[Black "Feng, Roland"]
[Result "1-0"]
[WhiteTitle "IM"]
[BlackTitle "FM"]
[WhiteElo "2456"]
[BlackElo "2358"]
[WhiteTeam "Dallas Destiny"]
[BlackTeam "Seattle Sluggers"]
[WhiteFideId "13603647"]
[BlackFideId "2060086"]
[EventDate "2018.01.18"]

1. c4 e5 2. Nc3 Nf6 3. Nf3 Nc6 4. e3 a6 5. d4 exd4 6. exd4 Bb4 7. d5 Ne7 8. Bd3
h6 9. O-O O-O 10. Na4 b5 11. a3 bxc4 12. Bxc4 Bd6 13. Nc3 Ng6 14. Nd4 Bc5 15. b4
Ba7 16. d6 cxd6 17. Nf5 d5 18. Nxd5 d6 19. Nfe3 Nd7 20. Bb2 Nde5 21. Bb3 Qh4 22.
Kh1 Be6 23. f4 Bxe3 24. fxe5 Bxd5 25. Bxd5 Bf4 26. Rxf4 Qxf4 27. Bxa8 Rxa8 28.
Qxd6 Rc8 29. Qd4 Rc2 30. e6 Qxd4 31. exf7+ Kxf7 32. Bxd4 Nh4 33. Rf1+ Kg6 34. g3
Nf5 35. Bc5 Ra2 36. Rf3 h5 37. Kg1 Kg5 38. Bf2 g6 39. Rc3 Kg4 40. Kg2 Kg5 41.
Kf3 Kh6 42. h3 Kg5 43. Bc5 Rh2 44. h4+ Kf6 45. Bf2 Ne7 46. Rc1 Ke6 47. a4 Nd5
48. b5 axb5 49. axb5 Nf6 50. b6 Ng4 51. Bd4 Rd2 52. b7 Rd3+ 53. Ke2 Rb3 54. Rc6+
Kd5 55. Rb6 Rxg3 56. b8=Q Rg2+ 57. Kf3 1-0

[Event "PRO League Group Stage"]
[Site "chess.com INT"]
[Date "2018.02.07"]
[Round "5"]
[White "Javakhadze, Zurab"]
[Black "Petrosian, Tigran L."]
[Result "0-1"]
[WhiteTitle "IM"]
[BlackTitle "GM"]
[WhiteElo "2456"]
[BlackElo "2606"]
[WhiteTeam "Dallas Destiny"]
[BlackTeam "Seattle Sluggers"]
[WhiteFideId "13603647"]
[BlackFideId "13301616"]
[EventDate "2018.01.18"]

1. Nf3 g6 2. c4 Bg7 3. Nc3 e5 4. g3 f5 5. d3 d6 6. Bg2 Nf6 7. O-O O-O 8. c5 h6
9. cxd6 cxd6 10. b4 Kh7 11. Nd2 d5 12. e3 Be6 13. Bb2 Nbd7 14. Rc1 Rc8 15. Qb3
Nb6 16. Nb5 a6 17. Rxc8 Nxc8 18. Nc3 Re8 19. d4 e4 20. b5 a5 21. Rc1 b6 22. f4
exf3 23. Nxf3 Ng4 24. Nd1 Nd6 25. Ne5 Nxe5 26. dxe5 Nc4 27. Bd4 Bxe5 28. Nf2
Bxd4 29. exd4 Qf6 30. Qc3 Bf7 31. Qd3 Re3 32. Qd1 Ra3 33. Qe2 Re3 34. Qd1 Kg7
35. Bf1 Re7 36. Rc3 Be8 37. a4 Bf7 38. Rf3 Qg5 39. Nh3 Qd2 40. Qxd2 Nxd2 41. Rf2
Nxf1 42. Kxf1 Rc7 43. Nf4 Rc4 44. Nd3 Rxa4 45. Ne5 Be8 0-1

[Event "PRO League Group Stage"]
[Site "chess.com INT"]
[Date "2018.02.07"]
[Round "5"]
[White "Swapnil, S. Dhopade"]
[Black "Urkedal, Frode"]
[Result "0-1"]
[WhiteTitle "GM"]
[BlackTitle "GM"]
[WhiteElo "2533"]
[BlackElo "2572"]
[WhiteTeam "Mumbai Movers"]
[BlackTeam "Oslo Trolls"]
[WhiteFideId "5019184"]
[BlackFideId "1506102"]
[EventDate "2018.01.18"]

1. d4 Nf6 2. c4 e6 3. Nf3 b6 4. g3 Ba6 5. Nbd2 Bb7 6. Bg2 c5 7. dxc5 Bxc5 8. O-O
O-O 9. a3 Be7 10. b4 a5 11. b5 d6 12. Bb2 e5 13. Ne1 Qc7 14. Bxb7 Qxb7 15. Ng2
Nbd7 16. Ne3 d5 17. Nf5 Bc5 18. cxd5 Qxd5 19. Nb3 Qe6 20. Nxc5 Nxc5 21. Qc2 Rac8
22. Rac1 g6 23. Nh6+ Kg7 24. Qd2 Nb3 25. Qg5 Nxc1 26. Bxc1 Ne4 27. Qh4 f5 28. g4
f4 29. f3 g5 30. Nf5+ Qxf5 31. gxf5 gxh4 32. fxe4 Rc4 33. e3 Rxe4 34. exf4 exf4
35. Bb2+ Kf7 36. Kf2 Rfe8 37. Kf3 h6 38. Rc1 Re3+ 39. Kg4 f3 40. Rf1 Re2 41. Bc3
R8e4+ 42. Kh3 f2 43. Kg2 h3+ 44. Kxh3 R4e3+ 0-1

[Event "PRO League Group Stage"]
[Site "chess.com INT"]
[Date "2018.02.07"]
[Round "5"]
[White "Swapnil, S. Dhopade"]
[Black "Haug, Johannes"]
[Result "1-0"]
[WhiteTitle "GM"]
[BlackTitle "FM"]
[WhiteElo "2533"]
[BlackElo "2357"]
[WhiteTeam "Mumbai Movers"]
[BlackTeam "Oslo Trolls"]
[WhiteFideId "5019184"]
[BlackFideId "1509268"]
[EventDate "2018.01.18"]

1. d4 Nf6 2. c4 e6 3. Nf3 b6 4. g3 Bb7 5. Bg2 Be7 6. O-O O-O 7. Re1 Na6 8. Ne5
Bxg2 9. Kxg2 c5 10. d5 Qc7 11. Nf3 exd5 12. cxd5 d6 13. Nc3 Qd7 14. e4 b5 15. e5
dxe5 16. Nxe5 Qb7 17. Nc6 Bd6 18. Bg5 Ne8 19. Ne4 f6 20. Nxd6 Nxd6 21. Bf4 Nf5
22. Qd3 Qd7 23. Qxf5 1-0

[Event "PRO League Group Stage"]
[Site "chess.com INT"]
[Date "2018.02.07"]
[Round "5"]
[White "Kuybokarov, Temur"]
[Black "Ju, Wenjun"]
[Result "0-1"]
[WhiteTitle "IM"]
[BlackTitle "GM"]
[WhiteElo "2472"]
[BlackElo "2572"]
[WhiteTeam "Australia Kangaroos"]
[BlackTeam "Chengdu Pandas"]
[WhiteFideId "14203049"]
[BlackFideId "8603006"]
[EventDate "2018.01.18"]

1. d4 Nf6 2. c4 e6 3. Nc3 Bb4 4. e3 O-O 5. Ne2 Re8 6. a3 Bf8 7. e4 d5 8. cxd5
exd5 9. e5 Ne4 10. Nxe4 dxe4 11. Be3 c5 12. dxc5 Nd7 13. e6 Rxe6 14. Nf4 Re8 15.
b4 a5 16. Bb5 axb4 17. axb4 Rxa1 18. Qxa1 b6 19. O-O bxc5 20. bxc5 Qc7 21. Rc1
Rd8 22. c6 Nf6 23. Qa7 Bd6 24. Qxc7 Bxc7 25. h3 h6 26. Ra1 Be5 27. Ra8 g5 28.
Bb6 Rf8 29. Bc5 Rd8 30. Bb6 Rf8 31. Bc5 Rd8 32. Bb6 Rd1+ 33. Bf1 gxf4 34. Rxc8+
Kg7 35. Rd8 Rc1 36. c7 Bxc7 37. Rc8 Nd5 38. Bxc7 Nxc7 39. g3 f3 40. g4 Kf6 41.
Re8 Nxe8 0-1

[Event "PRO League Group Stage"]
[Site "chess.com INT"]
[Date "2018.02.07"]
[Round "5"]
[White "Kuybokarov, Temur"]
[Black "Xu, Xiangyu"]
[Result "1/2-1/2"]
[WhiteTitle "IM"]
[BlackTitle "GM"]
[WhiteElo "2472"]
[BlackElo "2545"]
[WhiteTeam "Australia Kangaroos"]
[BlackTeam "Chengdu Pandas"]
[WhiteFideId "14203049"]
[BlackFideId "8608288"]
[EventDate "2018.01.18"]

1. d4 d5 2. c4 dxc4 3. e3 Nf6 4. Bxc4 e6 5. Nf3 c5 6. O-O Nc6 7. Qe2 a6 8. Rd1
b5 9. dxc5 Qc7 10. Bd3 Bxc5 11. a4 bxa4 12. Nc3 O-O 13. Nxa4 Bd6 14. e4 Bd7 15.
h3 Ne5 16. Nxe5 Bxe5 17. Be3 Bxa4 18. Rxa4 a5 19. Rc4 Qb8 20. f4 Bc7 21. e5 Nd5
22. Bc1 Rd8 23. Bb1 Qb5 24. Qc2 Bb6+ 25. Kh2 g6 26. Qe4 Be3 27. f5 exf5 28. Qh4
Bf2 29. g3 f4 30. Rxf4 Qe2 31. Rd2 Bxg3+ 32. Kxg3 Qe1+ 33. Rdf2 Qg1+ 34. Kf3
Nxf4 35. Qxf4 Rd1 36. Ba2 Rf8 37. Be3 Qh1+ 38. Ke2 Qe1+ 39. Kf3 Qh1+ 40. Ke2
Qe1+ 41. Kf3 Qh1+ 42. Ke2 Qe1+ 43. Kf3 Qh1+ 44. Ke2 Qe1+ 45. Kf3 Qh1+ 1/2-1/2

[Event "PRO League Group Stage"]
[Site "chess.com INT"]
[Date "2018.02.07"]
[Round "5"]
[White "Quesada Perez, Yuniesky"]
[Black "Colas, Joshua"]
[Result "1-0"]
[WhiteTitle "GM"]
[BlackTitle "FM"]
[WhiteElo "2627"]
[BlackElo "2240"]
[WhiteTeam "Miami Champions"]
[BlackTeam "Webster Windmills"]
[WhiteFideId "3504409"]
[BlackFideId "2044447"]
[EventDate "2018.01.18"]

1. e4 c5 2. Nf3 e6 3. d4 cxd4 4. Nxd4 a6 5. Bd3 Nf6 6. O-O Qc7 7. Qe2 d6 8. c4
g6 9. Nc3 Bg7 10. Nf3 O-O 11. Bf4 Nc6 12. Rac1 Ne5 13. Nxe5 dxe5 14. Be3 b6 15.
Rfd1 Bb7 16. f3 Nd7 17. b4 Rfd8 18. Qc2 f5 19. Bf1 f4 20. Bf2 g5 21. Na4 Bf8 22.
c5 bxc5 23. Nxc5 Nxc5 24. Rxd8 Rxd8 25. bxc5 Rc8 26. Qb3 Qc6 27. Bc4 Kf7 28.
Bxe6+ Qxe6 29. Qxb7+ Kg6 30. Rb1 Rc6 31. h3 h5 32. Rb6 Rxb6 33. Qxb6 Qxb6 34.
cxb6 Kf6 35. b7 Bd6 36. Ba7 1-0

[Event "PRO League Group Stage"]
[Site "chess.com INT"]
[Date "2018.02.07"]
[Round "5"]
[White "Quesada Perez, Yuniesky"]
[Black "Le, Quang Liem"]
[Result "1/2-1/2"]
[WhiteTitle "GM"]
[BlackTitle "GM"]
[WhiteElo "2627"]
[BlackElo "2737"]
[WhiteTeam "Miami Champions"]
[BlackTeam "Webster Windmills"]
[WhiteFideId "3504409"]
[BlackFideId "12401137"]
[EventDate "2018.01.18"]

1. e4 c5 2. Nf3 e6 3. d4 cxd4 4. Nxd4 Nc6 5. Nc3 Qc7 6. f4 a6 7. Nxc6 Qxc6 8.
Bd3 b5 9. Qe2 Bb7 10. Bd2 Bc5 11. O-O-O Ne7 12. a3 O-O 13. g4 Bd4 14. Rhf1 Rac8
15. Qe1 Qb6 16. Ne2 Be3 17. Ng3 Bxd2+ 18. Qxd2 a5 19. f5 f6 20. g5 b4 21. axb4
axb4 22. gxf6 Rxf6 23. Nh5 Rf7 24. Qg5 Qa5 25. Kd2 Qe5 26. Rg1 Qxb2 27. Nxg7
Rxc2+ 28. Bxc2 Qc3+ 29. Kc1 Qa1+ 30. Kd2 Qc3+ 31. Kc1 Bxe4 32. Nxe6+ Kh8 33. Rg2
Qa1+ 34. Kd2 Qc3+ 35. Kc1 Qa1+ 36. Kd2 Qc3+ 37. Kc1 Qa1+ 38. Kd2 Qc3+ 1/2-1/2

[Event "PRO League Group Stage"]
[Site "chess.com INT"]
[Date "2018.02.07"]
[Round "5"]
[White "Lopez, Jasel"]
[Black "Connell, Blair N"]
[Result "1-0"]
[WhiteTitle "FM"]
[WhiteElo "2316"]
[BlackElo "2234"]
[WhiteTeam "Amsterdam Mosquitoes"]
[BlackTeam "London Towers"]
[WhiteFideId "15900045"]
[BlackFideId "403725"]
[EventDate "2018.01.18"]

1. d4 d5 2. Bf4 Nf6 3. e3 e6 4. c3 c5 5. Nd2 Nc6 6. Bd3 Bd6 7. Bg3 O-O 8. Ngf3
cxd4 9. exd4 Nh5 10. Ne5 g6 11. Nxc6 bxc6 12. O-O Nxg3 13. hxg3 e5 14. dxe5 Bxe5
15. Re1 Bg7 16. Qa4 c5 17. Qa3 Qb6 18. Rab1 a5 19. c4 Be6 20. cxd5 Bxd5 21. Bc4
Rfd8 22. Bxd5 Rxd5 23. Nc4 Qb4 24. Qxb4 axb4 25. Nb6 Rdd8 26. Nxa8 Rxa8 27. a3
bxa3 28. bxa3 Bd4 29. Rb3 c4 30. Rb7 Bf6 31. Rc7 Rxa3 32. Rxc4 Ra7 33. g4 h6 34.
g3 Kg7 35. Kg2 Rb7 36. Re3 Ra7 37. Rf3 Rb7 38. Rcf4 Rb6 39. Rd3 Rb7 40. Rc4 Ra7
41. Rb3 Rd7 42. Rb8 Rd2 43. Rb3 Rd7 44. Rf3 Ra7 45. Rc6 Bd4 46. Rd3 Ba1 47. Kh3
Bf6 48. Rf3 Bg5 49. Rb6 Rc7 50. Ra3 Rc2 51. Kg2 Rc7 52. Rb8 Bf6 53. Raa8 Bd4 54.
Rg8+ Kf6 55. Ra6+ Ke7 56. Ra4 Bc3 57. f4 Be1 58. Re4+ 1-0